UM Logo

Guidebook to effective speech and public speaking/ (Record no. 2614)

MARC details
000 -LEADER
fixed length control field 00587nam a22001817a 4500
008 - FIXED-LENGTH DATA ELEMENTS--GENERAL INFORMATION
fixed length control field 160520b xxu||||| |||| 00| 0 eng d
020 ## - INTERNATIONAL STANDARD BOOK NUMBER
International Standard Book Number 9710000039
082 ## - DEWEY DECIMAL CLASSIFICATION NUMBER
Edition number 2002
Classification number DFil 808.51
Item number A9
100 ## - MAIN ENTRY--PERSONAL NAME
9 (RLIN) 8623
Personal name Aguinaldo, Milagros M.
245 ## - TITLE STATEMENT
Title Guidebook to effective speech and public speaking/
Statement of responsibility, etc. Milagros M. Aguinaldo
260 ## - PUBLICATION, DISTRIBUTION, ETC. (IMPRINT)
Place of publication, distribution, etc. Quezon City:
Name of publisher, distributor, etc. MMA Publications,
Date of publication, distribution, etc. c2002.
300 ## - PHYSICAL DESCRIPTION
Extent vii, 124 pages:
Dimensions 25.5 cm.
500 ## - GENERAL NOTE
General note Include bibliography
650 #0 - SUBJECT ADDED ENTRY--TOPICAL TERM
9 (RLIN) 8628
Topical term or geographic name as entry element Public speaking (oratory)
700 ## - ADDED ENTRY--PERSONAL NAME
9 (RLIN) 8629
Personal name Besacruz, Flora C.
365 ## - TRADE PRICE
Price amount 400.00
Currency code Php.
942 ## - ADDED ENTRY ELEMENTS (KOHA)
Source of classification or shelving scheme Dewey Decimal Classification
Koha item type Filipiniana
Holdings
Withdrawn status Lost status Source of classification or shelving scheme Damaged status Not for loan Collection code Home library Current library Shelving location Date acquired Source of acquisition Total Checkouts Full call number Barcode Date last seen Date last checked out Copy number Cost, replacement price Price effective from Koha item type
    Dewey Decimal Classification     Filipiniana UM Digos College - LIC UM Digos College - LIC Book Cart 09/24/2007 Purchased 1 DFil 808.51 A9 2002 17629 09/29/2022 09/28/2022 1 400.00 05/20/2016 Filipiniana
    Dewey Decimal Classification     Filipiniana UM Digos College - LIC UM Digos College - LIC   09/24/2007 Purchased   DFil 808.51 A9 2002 17630 06/08/2021   2 400.00 05/20/2016 Filipiniana
    Dewey Decimal Classification     Filipiniana UM Digos College - LIC UM Digos College - LIC   09/24/2007 Purchased   DFil 808.51 A9 2002 17631 06/08/2021   3 400.00 05/20/2016 Filipiniana